| 000 -LEADER |
| fixed length control field |
01683cam a22003854a 4500 |
| 001 - CONTROL NUMBER |
| control field |
14165233 |
| 005 - DATE AND TIME OF LATEST TRANSACTION |
| control field |
20221031101105.0 |
| 008 - FIXED-LENGTH DATA ELEMENTS--GENERAL INFORMATION |
| fixed length control field |
051104s2006 nyua b 001 0 eng c |
| 010 ## - LIBRARY OF CONGRESS CONTROL NUMBER |
| LC control number |
2005032190 |
| 015 ## - NATIONAL BIBLIOGRAPHY NUMBER |
| National bibliography number |
GBA633881 |
| Source |
bnb |
| 016 7# - NATIONAL BIBLIOGRAPHIC AGENCY CONTROL NUMBER |
| Record control number |
013431698 |
| Source |
Uk |
| 020 ## - INTERNATIONAL STANDARD BOOK NUMBER |
| International Standard Book Number |
0801444497 (cloth : alk. paper) |
| 020 ## - INTERNATIONAL STANDARD BOOK NUMBER |
| International Standard Book Number |
9780801473715 |
| 035 ## - SYSTEM CONTROL NUMBER |
| System control number |
(OCoLC)ocm62322221 |
| 040 ## - CATALOGING SOURCE |
| Original cataloging agency |
NIC/DLC |
| Transcribing agency |
DLC |
| Modifying agency |
YDX |
| -- |
BAKER |
| -- |
UKM |
| -- |
COO |
| -- |
IXA |
| -- |
PUL |
| -- |
DLC |
| 042 ## - AUTHENTICATION CODE |
| Authentication code |
pcc |
| 043 ## - GEOGRAPHIC AREA CODE |
| Geographic area code |
a-ja--- |
| 050 00 - LIBRARY OF CONGRESS CALL NUMBER |
| Classification number |
HC462.95 |
| Item number |
.V64 2006 |
| 082 00 - DEWEY DECIMAL CLASSIFICATION NUMBER |
| Classification number |
338.952 |
| Author Mark |
VOG |
| 100 1# - MAIN ENTRY--PERSONAL NAME |
| Personal name |
Vogel, Steven Kent. |
| 9 (RLIN) |
101775 |
| 245 10 - TITLE STATEMENT |
| Title |
Japan remodeled : |
| Remainder of title |
how government and industry are reforming Japanese capitalism / |
| Statement of responsibility, etc. |
Steven K. Vogel. |
| 260 ## - PUBLICATION, DISTRIBUTION, ETC. |
| Place of publication, distribution, etc. |
New York : |
| Name of publisher, distributor, etc. |
Cornell University Press, |
| Date of publication, distribution, etc. |
2006. |
| 300 ## - PHYSICAL DESCRIPTION |
| Extent |
250 p. : |
| Other physical details |
ill. ; |
| Dimensions |
23 cm. |
| 440 #0 - SERIES STATEMENT/ADDED ENTRY--TITLE |
| Title |
Cornell studies in political economy |
| 9 (RLIN) |
101776 |
| 504 ## - BIBLIOGRAPHY, ETC. NOTE |
| Bibliography, etc. note |
Includes bibliographical references (p. [225]-238) and index. |
| 505 0# - FORMATTED CONTENTS NOTE |
| Formatted contents note |
The Japanese model and institutional change -- The crisis of Japanese capitalism -- Policy reform Japanese style -- The varieties of reform -- Corporate restructuring Japanese style -- The varieties of restructuring -- Japan's new model. |
| 650 #0 - SUBJECT ADDED ENTRY--TOPICAL TERM |
| Topical term or geographic name entry element |
Capitalism |
| Geographic subdivision |
Japan. |
| 9 (RLIN) |
101777 |
| 650 #0 - SUBJECT ADDED ENTRY--TOPICAL TERM |
| Topical term or geographic name entry element |
Industrial policy |
| Geographic subdivision |
Japan. |
| 9 (RLIN) |
37313 |
| 650 #0 - SUBJECT ADDED ENTRY--TOPICAL TERM |
| Topical term or geographic name entry element |
Corporate reorganizations |
| Geographic subdivision |
Japan. |
| 9 (RLIN) |
101778 |
| 651 #0 - SUBJECT ADDED ENTRY--GEOGRAPHIC NAME |
| Geographic name |
Japan |
| General subdivision |
Economic policy |
| Chronological subdivision |
1989- |
| 9 (RLIN) |
101779 |
| 856 41 - ELECTRONIC LOCATION AND ACCESS |
| Materials specified |
Table of contents only |
| Uniform Resource Identifier |
<a href="http://www.loc.gov/catdir/toc/ecip063/2005032190.html">http://www.loc.gov/catdir/toc/ecip063/2005032190.html</a> |
| 906 ## - LOCAL DATA ELEMENT F, LDF (RLIN) |
| a |
7 |
| b |
cbc |
| c |
orignew |
| d |
1 |
| e |
ecip |
| f |
20 |
| g |
y-gencatlg |
| 942 ## - ADDED ENTRY ELEMENTS (KOHA) |
| Source of classification or shelving scheme |
|
| Koha item type |
Book |